FIFA - Copa Africana de Naciones - Estadísticas

Estadísticas generales
  • Esta prueba ha sido intentada 206 veces
    165 desde el último reinicio
  • La puntuación promedio es 32 de 34
Estadísticas de respuestas
Año País % Correcto
1957 Egipto
99%
1959 Egipto
99%
1986 Egipto
99%
1998 Egipto
99%
2006 Egipto
99%
2008 Egipto
99%
2010 Egipto
99%
1984 Camerún
97%
1988 Camerún
97%
2000 Camerún
97%
2002 Camerún
97%
2017 Camerún
97%
1992 Costa de Marfil
97%
2015 Costa de Marfil
97%
2023 Costa de Marfil
97%
1976 Marruecos
97%
1968 República Democrática del Congo
97%
1974 República Democrática del Congo
97%
2021 Senegal
97%
1996 Sudáfrica
97%
1990 Argelia
95%
2019 Argelia
95%
1972 República del Congo
95%
1980 Nigeria
92%
1994 Nigeria
92%
2013 Nigeria
92%
1963 Ghana
89%
1965 Ghana
89%
1978 Ghana
89%
1982 Ghana
89%
2004 Túnez
88%
1970 Sudán
77%
2012 Zambia
77%
1962 Etiopía
74%
No se encontraron pruebas coincidentes
Distribución de puntuación
Porcentaje de gente con cada puntuación
Porcentaje por número respondido
Historial de tus puntuaciones
No has intentado esta prueba desde el último reinicio